| 000 | 00666cam a22002418i 4500 | ||
|---|---|---|---|
| 999 |
_c1069 _d1069 |
||
| 001 | 20729 | ||
| 003 | BD-DhUAP | ||
| 005 | 20200202142636.0 | ||
| 008 | 200202s2017 enk 001 0 eng | ||
| 020 | _a9781292086934 | ||
| 040 |
_aDLC _beng _cDLC _eBD-DhUAP |
||
| 042 | _apcc | ||
| 082 | 0 | 0 |
_a340 SHA _223 |
| 100 | 1 | _aShaw, Julia J. A. | |
| 245 | 1 | 0 |
_aJurisprudence / _cJulia J. A. Shaw. |
| 264 | 1 |
_aHarlow, England : _bPearson, _cc2017. |
|
| 300 |
_axi, 162 pages ; _c20 cm. |
||
| 490 | 0 | _aLaw express. | |
| 500 | _aIncludes index. | ||
| 650 | 0 |
_aLaw _xPhilosophy _vOutlines, syllabi, etc. |
|
| 650 | 0 |
_aJurisprudence _vOutlines, syllabi, etc. |
|
| 942 |
_2ddc _cBK |
||